Cavemice: a mammoth mystery (Record no. 9223)

MARC details
000 -LEADER
fixed length control field 00751nam a22002057a 4500
003 - CONTROL NUMBER IDENTIFIER
control field OSt
005 - DATE AND TIME OF LATEST TRANSACTION
control field 20260317053441.0
008 - FIXED-LENGTH DATA ELEMENTS--GENERAL INFORMATION
fixed length control field 260317b |||||||| |||| 00| 0 eng d
020 ## - INTERNATIONAL STANDARD BOOK NUMBER
International Standard Book Number 978-1-338-15917-2
040 ## - CATALOGING SOURCE
Original cataloging agency DWCL GS lib
Transcribing agency OC
100 ## - MAIN ENTRY--PERSONAL NAME
Personal name GERONIMO STILTON
245 ## - TITLE STATEMENT
Title Cavemice: a mammoth mystery
Statement of responsibility, etc. GERONIMO STILTON
260 ## - PUBLICATION, DISTRIBUTION, ETC.
Place of publication, distribution, etc. New York
Name of publisher, distributor, etc. Scholastic Inc
Date of publication, distribution, etc. 2017.
300 ## - PHYSICAL DESCRIPTION
Extent vii, 111 pages
Other physical details color illustrations
Dimensions 19 cm.
520 ## - SUMMARY, ETC.
Summary, etc. In Cavemice: A Mammoth Mystery (#15), Geronimo Stiltonoot faces a catastrophe when all the mammoths flee Old Mouse City, halting the production of popular mammoth milkshakes.
546 ## - LANGUAGE NOTE
Language note English
650 ## - SUBJECT ADDED ENTRY--TOPICAL TERM
Source of heading or term fiction/mystery novel
650 ## - SUBJECT ADDED ENTRY--TOPICAL TERM
Source of heading or term friendship, resourcefulness
942 ## - ADDED ENTRY ELEMENTS (KOHA)
Source of classification or shelving scheme Dewey Decimal Classification
Koha item type Fiction
Suppress in OPAC No

No items available.